00577nam a2200169 i 450000100060000000300090000600500170001500700030003200800410003510000290007624500560010526000530016130000340021485200220024899900170027095201200028751060ES-MaACL20230906162305.0t|030808s1917 xxk ||||1| eng d1 aCushny, Arthur R.94226514aThe secretion of the urine / cby Arthur R. Cushny. aLondon, etc. : bLongmans, Green and Co, c1917. aXI, 241 p. : bil. ; c22 cm. aES-MaACLjB-11241 c51060d51060 00104070aATENEOMbATENEOMcSPBd2008-01-17eSCl0oB-11241p1053694r2023-02-23 00:00:00w2023-02-23yMONOGRAFIA